000 00600nam a22000857a 4500
008 150919b xxu||||| |||| 00| 0 eng d
100 _aWalcott, George, 1871-1932 / Laurence, Robert
245 _aThe George Walcott collection of used Civil War patriotic covers
650 _aCollections | Walcott, George, 1871-1932 | United States -- History -- Civil War, 1861-1865 | Patriotic Covers | Covers | Postal History | Postal Markings | Confederate States of America | Famous Stamps and Collections | Rare Issues and Covers | Auctions | Named Sales | Realized | Catalogs and Price Lists | Collectors | Biographies
999 _c1724
_d1724